| 000 | 00758nam a2200217 a 4500 | ||
|---|---|---|---|
| 001 | 1048 | ||
| 003 | BR-CuiBMT | ||
| 005 | 20231127215402.0 | ||
| 008 | 231127s2013 dfba 000 0 por d | ||
| 040 |
_aBR-CuiBMT _cBR-CuiBMT |
||
| 080 |
_22007 _a336.22:35 |
||
| 090 |
_a336.22:35 _bM917r |
||
| 100 | 1 | 0 | _aMota, Marcos César Carneiro da |
| 245 | 1 | 0 |
_aRetenção de tributos pelos órgãos e entidades da administração pública : _bIRRF, IRPJ, CSLL, PIS, COFINS, ISS, ICMS, INSS / _cMarcos César Carneiro da Mota . |
| 260 |
_aBrasília : _bAlegria, _c2013. |
||
| 300 |
_a287 p. : _bil. _c23 cm |
||
| 500 | _aLegislação atualizada e comentada. | ||
| 650 |
_aTributos _xLegislação _zBrasil |
||
| 650 |
_aImpostos _xArrecadação _zBrasil |
||
| 942 |
_2udc _cLV |
||
| 999 |
_c1048 _d1048 |
||